000 00355nam a2200157Ia 4500
003 Ost
005 20260225132540.0
008 260225s9999||||xx |||||||||||||| ||und||
040 _cfsic
041 _afre
082 _a70.4
100 _aGregory derville
_eAuteur
245 0 _aLe pouvoir des médias /
245 0 _cGregory derville
942 _cكتاب
999 _c33458
_d33458